00418nam a2200145Ia 4500003000400000005001700004008004100021040000900062082002000071100002500091245006900116260006500185300000800250650001400258OSt20201202094929.0190216s9999||||xx |||||||||||||| ||und|| coclc a894.8124bNAM/P aNamboodiripad, E M S 0aPanchayath Raj :bPrayogavum Sidhanthavum /cE M S Namboodiripad bKerala Sastra Sahithya Parishad,aThiruvananthapuram:c1989. a91p aEconomics